000 00471nam a2200181Ia 4500
005 20250508150608.0
008 008 250505s9999 xx 000 0 eng d
037 _aTextual
040 _aFEDL
_beng
_cFEDL
041 _aeng
_2eng
084 _a504, RAM
_qFEDL
100 _aRaman C V
245 0 _aAspects of science
260 _aBombay, India
_bNalanda Publications
_c1948
300 _a109p
942 _cTEXL
_h504, RAM
999 _c1324473
_d1324473